| Tag |
First Indicator |
Second Indicator |
Subfields |
| LEADER |
00000cas a2200000 a 4500 |
| 001 |
in00001234906 |
| 005 |
20151003060910.0 |
| 008 |
811120c19529999rm mxzp 0 b0rum |
| 010 |
|
|
|a 58017690
|
| 022 |
|
|
|a 0024-3523
|9 0025-3523
|
| 035 |
|
|
|a (OCoLC)ocm02108840
|
| 035 |
|
|
|a (OCoLC)02108840
|
| 035 |
|
|
|9 AGS2864AM
|
| 040 |
|
|
|a DLC
|c PAU
|d DLC
|d OCL
|d DLC
|d AIP
|d NST
|d HUL
|d WAU
|d OCLCQ
|d TXA
|d UtOrBLW
|
| 042 |
|
|
|a lc
|
| 049 |
|
|
|a TXAM
|
| 050 |
0 |
0 |
|a PC601
|b .L5
|
| 210 |
0 |
|
|a Limba rom.
|
| 222 |
|
0 |
|a Limba romană
|
| 245 |
0 |
0 |
|a Limba română.
|
| 246 |
1 |
|
|i Vols. for Nov./Dec. 1953-1964 have title:
|a Limba romînă
|
| 264 |
|
1 |
|a [București] :
|b Editura Academiei Republicii Populare Române,
|c 1952-
|
| 300 |
|
|
|a volumes :
|b illustrations ;
|c 24 cm.
|
| 310 |
|
|
|a Twelve no. a year,
|b 1992-
|
| 321 |
|
|
|a Bimonthly,
|b <1954>-1991
|
| 336 |
|
|
|a text
|b txt
|2 rdacontent
|
| 337 |
|
|
|a unmediated
|b n
|2 rdamedia
|
| 338 |
|
|
|a volume
|b nc
|2 rdacarrier
|
| 362 |
0 |
|
|a Anul 1, 1 (Noem.-Dec. 1952)-
|
| 500 |
|
|
|a Evans description based on: anul 25, nr. 2 (mart-apr. 1976).
|
| 500 |
|
|
|a Title from cover.
|
| 515 |
|
|
|a Some issues combined.
|
| 550 |
|
|
|a Issued by: Academia Republicii Populare Române, Institutul de Lingvistică din București, 1952-1964, 1; by Academia Republicii Populare Romîne, 1964, 2-1965, 4; by Academia Republicii Socialiste România, 1965, 5-1989; by Academia Română, Secția de Filologie, Literatură și Arte, 1990-1991; by Academia Română, Secția de Filologie și Literatură, 1992-<1996>
|
| 650 |
|
0 |
|a Romanian philology
|v Periodicals.
|
| 710 |
2 |
|
|a Institutul de Lingvistică din București.
|
| 710 |
2 |
|
|a Academia Republicii Populare Romîne.
|
| 710 |
2 |
|
|a Academia Republicii Socialiste România.
|
| 710 |
2 |
|
|a Academia Română (1990- ).
|b Secția de Filologie, Literatură și Arte.
|
| 710 |
2 |
|
|a Academia Română (1990- ).
|b Secția de Filologie și Literatură.
|
| 850 |
|
|
|a DLC
|a MH
|a ViU
|
| 936 |
|
|
|a 1996, 1-6 LIC
|
| 948 |
|
|
|a Inactive Gift.
|
| 994 |
|
|
|a C0
|b TXA
|
| 999 |
|
|
|a MARS
|
| 999 |
f |
f |
|s c99ceb49-aee5-3d7b-bf72-b54dc202fb6f
|i b929b1ca-adfd-306e-8a1f-8184eeb877fa
|t 0
|
| 952 |
f |
f |
|p serial
|a Texas A&M University
|b College Station
|c Sterling C. Evans Library
|d Evans: Library Stacks
|t 0
|e PC601 .L5
|h Library of Congress classification
|i unmediated -- volume
|k Anul 29
|l 1980
|m A14819300414
|
| 952 |
f |
f |
|p serial
|a Texas A&M University
|b College Station
|c Sterling C. Evans Library
|d Evans: Library Stacks
|t 0
|e PC601 .L5
|h Library of Congress classification
|i unmediated -- volume
|k Anul 31
|l 1982
|m A14819300422
|
| 952 |
f |
f |
|p serial
|a Texas A&M University
|b College Station
|c Sterling C. Evans Library
|d Evans: Library Stacks
|t 0
|e PC601 .L5
|h Library of Congress classification
|i unmediated -- volume
|k Anul 38:no.3-6
|l 1989
|m A14821616978
|
| 952 |
f |
f |
|p serial
|a Texas A&M University
|b College Station
|c Sterling C. Evans Library
|d Evans: Library Stacks
|t 0
|e PC601 .L5
|h Library of Congress classification
|i unmediated -- volume
|k Anul 25:no.1-3
|l 1976
|m A14819037914
|
| 952 |
f |
f |
|p serial
|a Texas A&M University
|b College Station
|c Sterling C. Evans Library
|d Evans: Library Stacks
|t 0
|e PC601 .L5
|h Library of Congress classification
|i unmediated -- volume
|k Anul 33
|l 1984
|m A14819300448
|
| 952 |
f |
f |
|p serial
|a Texas A&M University
|b College Station
|c Sterling C. Evans Library
|d Evans: Library Stacks
|t 0
|e PC601 .L5
|h Library of Congress classification
|i unmediated -- volume
|k Anul 28
|l 1979
|m A14819300406
|
| 952 |
f |
f |
|p serial
|a Texas A&M University
|b College Station
|c Sterling C. Evans Library
|d Evans: Library Stacks
|t 0
|e PC601 .L5
|h Library of Congress classification
|i unmediated -- volume
|k Anul 26
|l 1977
|m A14819300383
|
| 952 |
f |
f |
|p serial
|a Texas A&M University
|b College Station
|c Sterling C. Evans Library
|d Evans: Library Stacks
|t 0
|e PC601 .L5
|h Library of Congress classification
|i unmediated -- volume
|k Anul 30:no.1-5
|l 1981
|m A14821616871
|
| 952 |
f |
f |
|p serial
|a Texas A&M University
|b College Station
|c Sterling C. Evans Library
|d Evans: Library Stacks
|t 0
|e PC601 .L5
|h Library of Congress classification
|i unmediated -- volume
|k Anul 27
|l 1978
|m A14819300391
|
| 952 |
f |
f |
|p serial
|a Texas A&M University
|b College Station
|c Sterling C. Evans Library
|d Evans: Library Stacks
|t 0
|e PC601 .L5
|h Library of Congress classification
|i unmediated -- volume
|k Anul 37:no.1-4
|l 1988
|m A14821616928
|
| 952 |
f |
f |
|p serial
|a Texas A&M University
|b College Station
|c Sterling C. Evans Library
|d Evans: Library Stacks
|t 0
|e PC601 .L5
|h Library of Congress classification
|i unmediated -- volume
|k Anul 34
|l 1985
|m A14819300456
|
| 952 |
f |
f |
|p serial
|a Texas A&M University
|b College Station
|c Sterling C. Evans Library
|d Evans: Library Stacks
|t 0
|e PC601 .L5
|h Library of Congress classification
|i unmediated -- volume
|k Anul 32
|l 1983
|m A14819300430
|
| 952 |
f |
f |
|p serial
|a Texas A&M University
|b College Station
|c Sterling C. Evans Library
|d Evans: Library Stacks
|t 0
|e PC601 .L5
|h Library of Congress classification
|i unmediated -- volume
|k Anul 35
|l 1986
|m A14819300464
|
| 952 |
f |
f |
|p serial
|a Texas A&M University
|b College Station
|c Sterling C. Evans Library
|d Evans: Library Stacks
|t 0
|e PC601 .L5
|h Library of Congress classification
|i unmediated -- volume
|k Anul 36
|l 1987
|m A14819300472
|
| 998 |
f |
f |
|a PC601 .L5
|s Anul 38:no.3-6 (1989)
|t 0
|l Evans: Library Stacks
|